000 00612nja a2200193 a 4500
003 BLK
005 20180421003805.0
008 180414c bul|r|ner|||| 00| c0bul d
010 _aNOT00003222003
040 _aBLK
100 1 _aЛокатели, Пиетро А.
_eпърви автор
_989459
245 1 0 _aМенует
_cПиетро А. Локатели.
257 _aBGR
380 _a7
773 _0316558
_9669445
_aЛокатели, Пиетро А.
_tМалкият пианист
852 _aЦб М ІІ 267
942 _cNOT
_n0
944 _aCR
_c20.08.2010
_kИрена_Линкова
944 _aED
_c29.02.2016
_kИрена_Линкова
999 _c316561
_d316561